Szczegóły MARC21

Focus on personal finance : an active approach to help you develop successful financial skills /

005 -DATA I CZAS OSTATNIEJ MODYFIKACJI [,]
    • @
    • pole kontrolne
    • 20140310144929.0
020 -Międzynarod. znormalizowany nr książki - ISBN [ , ]
    • a
    • Numer ISBN
    • 9780071318457 Find
040 -Instytucja sporządzająca opis [ , ]
    • a
    • Instytucja, która sporządziła opis (NP)
    • SZCZ U/JG
    • c
    • Instytucja, która sporządziła rekord (NP)
    • SZCZ U/JG
    • d
    • Instytucja, która zmodyfikowała rekord (P)
    • SZCZ U/ML
041 -Język dokumentu [0, ]
    • a
    • Język tekstu (P)
    • angielski
044 -Kraj miejsca wydania [ , ]
    • a
    • Kraj miejsca wydania
    • USA
942 -Rodzaj dokumentu [ , ]
    • c
    • Rodzaj dokumentu
    • Książka
245 -Strefa tytułu i oznaczenia odpowiedzialności [0,0]
    • a
    • Tytuł
    • Focus on personal finance : Find
    • b
    • Ciąg dalszy tytułu (NP)
    • an active approach to help you develop successful financial skills / Find
    • c
    • Pozostałe elementy strefy tytułu i oznaczenia odpowiedzialności (NP)
    • Jack R. Kapoor [et al.].
250 -Strefa wydania [ , ]
    • a
    • Oznaczenie wydania (NP)
    • 4th ed.
260 -Strefa adresu wydawniczego [ , ]
    • a
    • Miejsce wydania (P)
    • New York :
    • b
    • Nazwa wydawcy (P)
    • McGraw-Hill Irwin,
    • c
    • Data wydania (P)
    • cop. 2013.
300 -Strefa opisu fizycznego [ , ]
    • a
    • Określenie formy książki i/lub objętość (NP)
    • XXXV, 539 s.:
    • b
    • Oznaczenie ilustracji (NP)
    • il. ;
    • c
    • Format (NP)
    • 28 cm.
490 -Strefa serii i książki wielotomowej - forma nie do wyszukiwania [1, ]
    • a
    • Tytuł (P)
    • The Irwin-McGraw-Hill Series in Finance, Insurance and Real Estate Find
830 -Hasło dodatkowe serii i opisu książki wielotomowej - tytuł ujednolicony/tytuł [ ,0]
    • 9
    • KHW
    • 45909
    • a
    • Tytuł ujednolicony/tytuł (NP)
    • The Irwin-McGraw-Hill Series in Finance, Insurance and Real Estate
500 -Uwaga ogólna [ , ]
    • a
    • Uwaga ogólna (NP)
    • Na okł.: This international student edition is for use outside of the U.S.
080 -Uniwersalna Klasyfikacja Dziesiętna [ , ]
    • 2
    • Identyfikator wydania tablic
    • UDC-P058
    • 9
    • UKD
    • 2985
    • a
    • Symbol klasyfikacji
    • 330.567.2
    • b
    • Dopowiedzenie
    • Wydatki. Konsumpcja. Spożycie. Oszczędności. Ekonomika gospodarstwa domowego.
    • 4
    • UKD2
    • 7644
    • x
    • Poddział wspólny
    • =111
    • c
    • Dopowiedzenie poddz. wspólnego
    • =Język angielski.
980 -Symbol UKD [ , ]
    • a
    • UKD
    • 330.567.2=111
700 -Hasło dodatkowe - nazwa osobowa [1, ]
    • 9
    • KHW
    • 45906
    • a
    • Nazwa osobowa (NP)
    • Kapoor, Jack R. Find
710 -Hasło dodatkowe - nazwa ciała zbiorowego [2, ]
    • 4
    • Kod relacji
    • pbl
    • 9
    • KHW
    • 50887
    • a
    • Nazwa ciała zbiorowego lub nazwa geograficzna jako pierwszy element (NP)
    • McGraw-Hill Companies.
920 -ISBN [ , ]
    • a
    • ISBN
    • 978-0-07-131845-7 Find
Status udost. Numer inwentarzowy Lokalizacja Data inwentaryzacji
-2T.14751T2014-02-18
-2TM.10967T2014-05-23